000 00808nam a22002777a 4500
003 CHAP
005 20220329135540.0
008 971013s1981 r 00010 d
010 _a38339
011 _a39311
035 _a43431
040 _cCHAP
082 _a632
_bP43
100 0 0 _aPedroza Sandoval, Aurelio.
_986574
245 _aCurso de fitopatología general
260 _aChapingo, Méx. :
_bEl autor,
_c1981
300 _a246 p.
_b: ilus.
590 _aBATCH-UPD
_b10
_c20130110
_lUCH01
_h2009
590 _aBATCH-UPD
_b10
_c20130410
_lUCH01
_h1328
590 _aBATCH-UPD
_b10
_c20130914
_lUCH01
_h1414
590 _aCONVERSION
_b10
_c20130109
_lUCH01
_h1321
650 1 4 _aFitopatología.
_941161
901 _aBK
942 _cLIBRO
949 _a632 P43
_bBC
_cUACH
_d-99503
_eUACH
_h53409
_i43431
_mD
_si
999 _c38339
_d38339